| 000 | 00542nam a2200205Ia 4500 | ||
|---|---|---|---|
| 008 | 180523s9999 xx 000 0 und d | ||
| 020 | _a978-81-8356-938-5 | ||
| 050 | _aMAIN G 155.A1 | ||
| 050 | _b.C37 2011 | ||
| 100 | _aCarr, David. | ||
| 245 | 0 | _aImplication for tourism planning and destination management / | |
| 245 | 0 | _cDavid Carr. | |
| 260 | _aNew Delhi : | ||
| 260 | _bDiscovery Publishing, | ||
| 260 | _c2011 | ||
| 300 | _a271 pages : | ||
| 300 | _c22 cm. | ||
| 500 | _aIncludes index. | ||
| 650 | _aTourism -- Planning. | ||
| 999 |
_c356633 _d356633 |
||